Vibration of mechanical systems (Record no. 192766)

MARC details
000 -LEADER
fixed length control field 00417nam a2200157Ia 4500
005 - DATE AND TIME OF LATEST TRANSACTION
control field 20250521093024.0
008 - FIXED-LENGTH DATA ELEMENTS--GENERAL INFORMATION
fixed length control field 231217s9999 xx 000 0 und d
020 ## - INTERNATIONAL STANDARD BOOK NUMBER
International Standard Book Number 9780521518734
082 ## - DEWEY DECIMAL CLASSIFICATION NUMBER
Classification number 620.3 SIN;1 R
100 ## - MAIN ENTRY--PERSONAL NAME
Personal name Sinha, Alok.
245 #0 - TITLE STATEMENT
Title Vibration of mechanical systems
260 ## - PUBLICATION, DISTRIBUTION, ETC. (IMPRINT)
Date of publication, distribution, etc. 2010
Name of publisher, distributor, etc. Cambridge University Press
Place of publication, distribution, etc. New York
300 ## - PHYSICAL DESCRIPTION
Extent xv, 308
650 ## - SUBJECT ADDED ENTRY--TOPICAL TERM
Topical term or geographic name as entry element Vibration,mechanical
942 ## - ADDED ENTRY ELEMENTS (KOHA)
Koha item type Books
Holdings
Date last seen Total Checkouts Full call number Accession number Old discount Uniform Resource Identifier Cost, replacement price Price effective from Category Lost status Damaged status Department Withdrawn status bill no. bill date Permanent Location Current Location Shelving location Entry date Vendor Cost, normal purchase price Grants Currency symbol Conversion rate Discount Discount type
26/01/2024   620.3 SIN;1 R 78842 20 digital/contents/78842.pdf 2838.00 26/01/2024 Books     Central Library   BR-073 28/07/2016 Central Library Central Library Central Library 06/12/1997 Royal Biblioman 75.00 ME USD 47.3 15 Rupees

© For any Suggestions or Query, please contact the library staff @ librarian@pes.edu or Phone: +9180 2672 1983/ 2108.